| 000 | 00815nam a2200241Ia 4500 | ||
|---|---|---|---|
| 003 | OSt | ||
| 005 | 20260413103109.0 | ||
| 008 | 220923b |||||||| |||| 00| 0 eng d | ||
| 020 | _a0714644366 | ||
| 037 | _cGeneral Book | ||
| 040 |
_aRTL _cRTL _beng |
||
| 041 |
_2eng _aeng |
||
| 084 |
_aY:492.6.N9, N9 _qRTL |
||
| 245 | 0 | _aSlavery and colonial rule in Africa | |
| 260 |
_aLondon _bFrank Cass _c1999 |
||
| 300 |
_avi, 296 p. _bIncludes bibliographical references and index |
||
| 490 | _aStudies in Slave and Post-Slave Societies and Cultures | ||
| 650 |
_aSlavery Sociology _940651 |
||
| 700 |
_aKlein Martin A _9114770 _eEditor |
||
| 700 |
_a Miers Suzanne _eEditor _91234711 |
||
| 942 |
_hY:492.6.N9, N9 _cGB _2CC |
||
| 999 |
_c566260 _d566260 |
||